000 00281nam a22001097a 4500
008 240530b |||||||| |||| 00| 0 eng d
100 _aBose, S.K.
_914949
245 _aEssential of Indian Economics
260 _c1969.
_aNew Delhi:
_bRanjit Printers;
300 _a623p.
942 _cBK
999 _c39554
_d39554